Library Banner

Renewable energy, energy efficienty and the environment (Record no. 52282)

MARC details
000 -LEADER
fixed length control field 00551nam a2200181Ia 4500
001 - CONTROL NUMBER
control field 54920
008 - FIXED-LENGTH DATA ELEMENTS--GENERAL INFORMATION
fixed length control field 140505s9999 xx 000 0 und d
020 ## - INTERNATIONAL STANDARD BOOK NUMBER
International Standard Book Number NA
040 ## - CATALOGING SOURCE
Transcribing agency PK-LaUMT
082 ## - DEWEY DECIMAL CLASSIFICATION NUMBER
Classification number MAL 333.794
Item number REN-
100 ## - MAIN ENTRY--PERSONAL NAME
Personal name Sayigh, A. A. M.
245 ## - TITLE STATEMENT
Title Renewable energy, energy efficienty and the environment
Remainder of title world renewable energy congress 15-21 June 1996 Denver, Colorado, USA
Statement of responsibility, etc Sayigh, A. A. M.
260 ## - PUBLICATION, DISTRIBUTION, ETC. (IMPRINT)
Place of publication, distribution, etc Oxford,UK:
Name of publisher, distributor, etc Pergamon Press,
Date of publication, distribution, etc 1996
300 ## - PHYSICAL DESCRIPTION
Extent 1311 p.
546 ## - LANGUAGE NOTE
Language note EN
650 ## - SUBJECT ADDED ENTRY--TOPICAL TERM
Topical term or geographic name as entry element Renewable energy sources
942 ## - ADDED ENTRY ELEMENTS (KOHA)
Koha item type Books
Holdings
Withdrawn status Lost status Damaged status Not for loan Home library Current library Date acquired Total Checkouts Full call number Barcode Date last seen Price effective from Koha item type
        UMT Main Campus UMT Main Campus 2014-05-05   MAL 333.794 REN- 75918 2014-05-08 2014-05-08 Books